Affluents de la Loire - Statistiques

Statistiques générales
  • Ce quiz a été pris 117 fois
  • Le résultat moyen est 6 sur 20
Statistiques - réponses
Longueur (km) Débit Moyen (m3/s) Affluent % Correct
367.8 95.9 Cher
93%
279.3 18.7 Indre
84%
425 147 Allier
77%
12 132 Maine
72%
13 1 Loiret
70%
372 210 Vienne
62%
49.6 5.28 Nièvre
43%
97.4 2.5 Erdre
28%
158.9 24.7 Sèvre Nantaise
28%
114.9 11 Beuvron
9%
142.2 17 Thouet
9%
59/85.1 8.33/9.8 Lignon
8%
132.4 34.1 Arroux
6%
90 4.05 Layon
6%
106.4 9.23 Besbre
5%
52 1.61 Coise
5%
103.8 17.6 Aron
3%
81 1.5 Cisse
2%
61.7 2.50 Acolin
1%
43.8 1.14 Arzon
1%
Aucun quiz correspondant
Distribution des résultats
% des personnes avec chaque résultat
Percentile par nombre de réponses
Votre historique - résultats
Vous n’avez pas pris ce quiz